Statystyki dla Kraje Afryki według roku odzyskania niepodległości!

Kliknij tutaj aby rozwiązać quiz!

Ogólne statystyki

  • Ten quiz został rozwiązany 27 razy
  • Średni wynik to 17 z 23

Statystyki odpowiedzi

Rok dekolonizacji:Nazwa państwa:% Poprawnych
1962Uganda Burundi Rwanda Algieria
96%
1910RPA
88%
1956Tunezja Maroko Sudan
88%
1922Egipt
85%
1993Erytrea
85%
1951Libia
85%
1990Namibia
85%
1944Etiopia
81%
1964Malawi Tanzania Zambia
81%
1960Mali Mauretania Senegal +14
81%
1975Angola Komory Mozambik Republika Zielonego Przylądka Wyspy Świętego Tomasza i Książęca
77%
1966Botswana Lesotho
77%
1963Kenia
77%
1980Zimbabwe
73%
1958Gwinea
69%
1968Gwinea Równikowa Mauritius Eswatini
69%
1847Liberia
69%
1977Dżibuti
65%
1965Gambia
65%
1957Ghana
65%
1974Gwinea Bissau
65%
1976Seszele
62%
1961Sierra Leone
58%

Rozkład punktacji

Percentyl według liczby udzielonych odpowiedzi

Procent ludzi z każdym wynikiem

Twoja historia wyników

Nie rozwiązałeś tego quizu